000 00532nam a22001937a 4500
003 KOHA_MİRAKIL
005 20250414132346.0
008 250414b tu ||||| |||| 00| 0 tur d
020 _a9789753854634
040 _aTR-AnABB
_btur
_cTR-AnABB
041 _atur
082 _a150.1952
_bFRE 2022
100 _aFreud, Sigmund,
_d1856-1939
245 1 0 _aBir histeri vakası analizi /
_cFreud
260 _aİstanbul :
_bOda Yayınları,
_c2022
300 _a142 sayfa ;
_c20 cm
650 0 4 _aPsikanaliz
942 _2ddc
_cBK
999 _c8671
_d8671
900 _bGizem YORULMAZ